Land values and sustainable development (Record no. 103275)

MARC details
000 -LEADER
fixed length control field 01333cam a2200301 4500
008 - FIXED-LENGTH DATA ELEMENTS--GENERAL INFORMATION
fixed length control field 040112n2004 000 0 eng u
020 ## - INTERNATIONAL STANDARD BOOK NUMBER
International Standard Book Number 184219173X
035 ## - SYSTEM CONTROL NUMBER
System control number (Sirsi) u124813
041 ## - LANGUAGE CODE
Language code of text/sound track or separate title eng
050 ## - LIBRARY OF CONGRESS CALL NUMBER
Classification number 338.927
-- 21
100 ## - MAIN ENTRY--PERSONAL NAME
Personal name Pavlov, Andrey
245 ## - TITLE STATEMENT
Title Land values and sustainable development
260 ## - PUBLICATION, DISTRIBUTION, ETC.
Place of publication, distribution, etc. London
Name of publisher, distributor, etc. RICS Foundation
Date of publication, distribution, etc. 2004
300 ## - PHYSICAL DESCRIPTION
Extent 7p.
Dimensions 30cm.
490 ## - SERIES STATEMENT
Series statement RICS Foundation Report Series
520 ## - SUMMARY, ETC.
Summary, etc. This paper examines the economics of sustainable development when one property owner's pollution reduces property values for other owners. Investigates aspects of environmental protection and considers four alternative strategies for promoting socially optimal protection which include internalising pollution costs and subsidising protection costs with different tax options.
650 ## - SUBJECT ADDED ENTRY--TOPICAL TERM
Topical term or geographic name entry element ENVIRONMENTAL PROTECTION
650 ## - SUBJECT ADDED ENTRY--TOPICAL TERM
Topical term or geographic name entry element ENVIRONMENTAL IMPACT
650 ## - SUBJECT ADDED ENTRY--TOPICAL TERM
Topical term or geographic name entry element POLLUTION
650 ## - SUBJECT ADDED ENTRY--TOPICAL TERM
Topical term or geographic name entry element SUSTAINABLE DEVELOPMENT
650 ## - SUBJECT ADDED ENTRY--TOPICAL TERM
Topical term or geographic name entry element PROPERTY OWNERS
650 ## - SUBJECT ADDED ENTRY--TOPICAL TERM
Topical term or geographic name entry element PROPERTY VALUES
650 ## - SUBJECT ADDED ENTRY--TOPICAL TERM
Topical term or geographic name entry element LAND VALUES
690 ## - LOCAL SUBJECT ADDED ENTRY--TOPICAL TERM (OCLC, RLIN)
Topical term or geographic name as entry element DEVELOPMENT-SUSTAINABLE
710 ## - ADDED ENTRY--CORPORATE NAME
Corporate name or jurisdiction name as entry element Royal Institution of Chartered Surveyors
Subordinate unit Foundation
9 (RLIN) 4173
856 ## - ELECTRONIC LOCATION AND ACCESS
Uniform Resource Identifier <a href="https://www.rics.org/Global/Downloads/LandValuesSustainableDevelopment200401.pdf">https://www.rics.org/Global/Downloads/LandValuesSustainableDevelopment200401.pdf</a>
Public note View the report on the RICS Foundation website...
942 ## - ADDED ENTRY ELEMENTS (KOHA)
Suppress in OPAC 0
Holdings
Withdrawn status Lost status Source of classification or shelving scheme Damaged status Not for loan Home library Current library Shelving location Date acquired Total Checkouts Full call number Barcode Date last seen Copy number Price effective from Koha item type Date last checked out
    Dewey Decimal Classification     London London RICS Boxes 01/04/2004   RICS 2004/7 30069092 06/08/2019 1 06/08/2019 Reference material  
    Dewey Decimal Classification     London London RICS Boxes 01/04/2004   RICS 2004/7 30069088 06/08/2019 2 06/08/2019 Reference material  
    Dewey Decimal Classification     London London RICS Boxes 01/04/2004 1 RICS 2004/7 30069117 06/08/2019 4 06/08/2019 Book 08/06/2004